| 000 | 00554nam a22001457a 4500 | ||
|---|---|---|---|
| 005 | 20211123162544.0 | ||
| 008 | 211123b ||||| |||| 00| 0 eng d | ||
| 040 | _cAIMIT LIBRARY | ||
| 082 | _a658.3 BIRK | ||
| 100 |
_aBirla, Kumar Mangalam;Knowles, Anne;Griffiths, Lord. _eMangalam,Kumar,Birla;Anne,Knowles;Lord,Groffiths _910792 |
||
| 245 |
_aManaging the people social and cultural dimensions of globalization. _b31st National Management Convention _hEnglish |
||
| 260 |
_aNew Delhi _bExcel Multimedia |
||
| 650 | _2AIMA | ||
| 942 |
_2ddc _cCD _k658.3 BIRK |
||
| 999 |
_c220744 _d220744 |
||